Statistics for Groups of Seven #1

Click here to take the quiz!

General Stats

  • This quiz has been taken 171,880 times
    (50,035 since last reset)
  • The average score is 37 of 56

Answer Stats

GroupAnswer% Correct
Countries that end in "Stan"Pakistan
91%
Countries that end in "Stan"Afghanistan
89%
Countries that end in "Stan"Kazakhstan
88%
Largest cat speciesLion
88%
Countries that end in "Stan"Uzbekistan
88%
Largest cat speciesTiger
87%
Countries that end in "Stan"Turkmenistan
86%
G-7 countriesUnited States
86%
G-7 countriesFrance
85%
G-7 countriesGermany
85%
G-7 countriesUnited Kingdom
85%
Countries that end in "Stan"Tajikistan
81%
Countries that end in "Stan"Kyrgyzstan
80%
European capitals starting with BBerlin
79%
Snow White's dwarfsSleepy
77%
G-7 countriesCanada
76%
Harry Potter booksPhilosopher's Stone
76%
G-7 countriesItaly
74%
Deadly sinsGreed
72%
Snow White's dwarfsGrumpy
72%
Harry Potter booksPrisoner of Azkaban
71%
European capitals starting with BBrussels
70%
Largest cat speciesCheetah
69%
G-7 countriesJapan
69%
Harry Potter booksChamber of Secrets
68%
Largest cat speciesLeopard
68%
Deadly sinsLust
68%
Largest cat speciesCougar
67%
Harry Potter booksDeathly Hallows
67%
Deadly sinsGluttony
67%
Harry Potter booksGoblet of Fire
67%
Snow White's dwarfsHappy
66%
Deadly sinsSloth
66%
Deadly sinsEnvy
64%
Harry Potter booksHalf-Blood Prince
64%
European capitals starting with BBern
63%
European capitals starting with BBudapest
62%
Largest cat speciesJaguar
62%
Harry Potter booksOrder of the Phoenix
61%
Snow White's dwarfsDopey
60%
Snow White's dwarfsDoc
59%
European capitals starting with BBucharest
58%
Largest moons in the Solar SystemMoon
57%
Snow White's dwarfsSneezy
57%
Deadly sinsWrath
56%
Deadly sinsPride
53%
Snow White's dwarfsBashful
52%
European capitals starting with BBelgrade
52%
European capitals starting with BBratislava
51%
Largest moons in the Solar SystemIo
46%
Largest moons in the Solar SystemTitan
41%
Largest moons in the Solar SystemEuropa
38%
Largest moons in the Solar SystemGanymede
31%
Largest moons in the Solar SystemCallisto
21%
Largest cat speciesSnow leopard
20%
Largest moons in the Solar SystemTriton
15%

Score Distribution

Percentile by Number Answered

Percent of People with Each Score

Your Score History

You have not taken this quiz since the last reset